000 00264nam a2200097Ia 4500
008 240331s9999 xx 000 0 und d
082 _a301
_bAMA
100 _aAmarasingha ,A
245 0 _aSamaja viddyawa pilibada shabda koshaya :
_bdictionary of sociology
942 _cL
999 _c1004
_d1004